LIBRARY & INFORMATION CENTRE, KCAET, TAVANUR

ONLINE PUBLIC ACCESS CATALOGUE (OPAC)

Apollo`s Lyre / (Record no. 512)

MARC details
000 -LEADER
fixed length control field 00371cam a2200157ua 4500
041 ## - LANGUAGE CODE
Language code of text/sound track or separate title eng
082 ## - DEWEY DECIMAL CLASSIFICATION NUMBER
Classification number 821
Item number KUM/AP
100 ## - MAIN ENTRY--AUTHOR NAME
Personal name Kumar, S K .
245 00 - TITLE STATEMENT
Title Apollo`s Lyre /
260 ## - PUBLICATION, DISTRIBUTION, ETC. (IMPRINT)
Place of publication Bombay :
Name of publisher MacMillan and Company Limited ,
Year of publication 1967.
300 ## - PHYSICAL DESCRIPTION
Number of Pages 80 ; .
650 ## - SUBJECT ADDED ENTRY--TOPICAL TERM
Topical Term Poetry
942 ## - ADDED ENTRY ELEMENTS (KOHA)
Koha item type Books
Holdings
Withdrawn status Lost status Damaged status Home library Current library Date acquired Full call number Accession Number Koha item type
Withdrawn     KAUAET Malayalam University 07/04/2012 821 11167 Books
free website counter